Регионална библиотека "Любен Каравелов" - Русе

През 80-те... (Запис номер 121893)

MARC детайли
000 -Лидер
Контролно поле с фиксирана дължина 01870nam a2200361 c 4500
003 - Код на организацията, давaща контролен номер
Контролно поле BLK
005 - Дата и час на последна редакция
Контролно поле 20240315005328.0
008 - Елементи от данни с фиксирана дължина
fixed length control field 180409b bul|||||r ||||||| ||bul||
010 ## - Наследен системен номер
LC control number KNG00127525000
040 ## - Източник на каталожния запис
Идентификатор на билиотеката - собственик на записа BLK
041 ## - Код за език
Код за езика на текст/звукозапис или на отделно заглавие Български
Код за езика КДБФ Български
080 ## - УДК
Текстов определител УДК Международни политически отношения. Световна политика. Международна политика. Дипломация
УДК код - определител по УДК 327
УДК определител
УДК - код + определител 327
100 1# - Редна дума - Автор
Автор Арбатов, Георгий А.
Авторска отговорност първи автор
R(LIN) 317297
139 ## - Редно поле
Редна дума Арбатов, Георгий А. и др.
Авторски знак Арб - А 81
245 10 - Сведения за заглавието
Заглавие През 80-те...
Подзаглавни данни Кн.-интервю за актуалните въпроси на съвр. междунар. отношения
Редно поле (дума) Георгий А. Арбатов; съавт. Вилем Олтманс; прев. от рус. Алиса Киркова.
257 ## - Страна на издаване
Страна на създаване/издаване СССР
260 ## - Област на издателските данни
-- София
Име на издателя, разпространителя и проч. Партиздат
Година на издаване 1984
300 ## - Физическа характеристика
Страници 352 с.
Размери/Мащаб 20 см
380 ## - Жанр
Жанр Обществени науки
500 ## - Общи забележки
Забележка Ориг. загл. Вступая в 80-е.. / Г. Арбатов, В. Олтманс. - 6 110 тир. - Кн. съдържа интервюта, дадени от акад. Г. Арбатов на холандския журналист В. Олтманс.
650 #0 - Допълнително описание по предмет – тема
Основно описание – тема или топоним Международни отношения
9 (RLIN) 245477
653 ## - Ключова дума – ненормативна
Ключова дума 80-те години
653 ## - Ключова дума – ненормативна
Ключова дума интервюта
653 ## - Ключова дума – ненормативна
Ключова дума международни отношения
700 1# - Други автори (авторска отговорност)
Лично име Олтманс, Вилем
Автороска отговорност (Описва отношението между автора и произведението) съавт.
9 (RLIN) 317298
700 1# - Други автори (авторска отговорност)
Лично име Киркова, Алиса
Автороска отговорност (Описва отношението между автора и произведението) прев. от рус.
9 (RLIN) 317299
852 ## - Местоположение
Форматна сигнатура Цб 131186
856 4# - Електронен адрес и достъп
Електронен формат pdf - файл
Път до файла /url/
856 4# - Електронен адрес и достъп
Електронен формат pdf - файл
Път до файла /url/
942 ## - АРТИКУЛИ
Вид на библиотечния материал Книги
Скрит в OPAC Не
944 ## - СЪЗДАВАНЕ И РЕДАКЦИЯ на ЗАПИСА
Създаване/Редакция Създаване
Дата на регистрацията/редакция 16.02.2012
Статус, дата на статуса CRON CRON
Служител, извършил регистрацията/редакцията
944 ## - СЪЗДАВАНЕ И РЕДАКЦИЯ на ЗАПИСА
Създаване/Редакция Редакция
Дата на регистрацията/редакция 16.02.2012
Статус, дата на статуса 16.02.2012 - от С1,Р / 16.02.2012
Служител, извършил регистрацията/редакцията
999 ## - СИСТЕМНИ КОНТРОЛНИ НОМЕРА
Koha biblionumber 121893
Koha biblioitemnumber 121893
Наличности
Код за отписване Код за изгубен артикул Източник на класификационната схема Код за повреда Коз за рестрикции Код за отдаване Артикулен № Име на библиотеката - собственик Име на библиотеката, в която се намира в момента Статус (Текущо местоположение) Дата на вписване в системата Местоположение - отдел Цена в лева Инвентарен номер Систематично азбучна сигнатура Баркод Номер на екземпляра Цена в евро Служебна бележка Служебен тип на артикула
  Не е изгубен Universal Decimal Classification Не е повреден без рестрикции ползва се в читалня 197081 Регионална библиотека "Любен Каравелов" Русе Регионална библиотека "Любен Каравелов" Русе Хранилище 1984-01-01 Хранилище 1.36 418167 Цб 131186 900000016741 1 0.70 Дост: Dp Вид: Д N: стар фонд Дата: 01.01.1984 Книги
Изтеглен Не е изгубен Universal Decimal Classification Не е повреден без рестрикции заемане за дома 197082 Регионална библиотека "Любен Каравелов" Русе Регионална библиотека "Любен Каравелов" Русе Заемна - подръчен фонд 1984-01-01 Заемна - подръчен фонд 1.36 569492 П 327/А 81 569492 2 0.70 Дост: Pk Вид: Ф N: стар фонд Дата: 01.01.1984 Дата инв: 02.02.2018 Бележки инв: П2018 Книги
Vip Innovations Ltd, Rousse, Bulgaria 2025